000 00750nam a2200253Ia 4500
003 OSt
005 20220918165439.0
006 a|||||r|||| 00| 0
007 ta
008 220917b |||||||| |||| 00| 0 eng d
020 _a801802547
024 _a25,868
037 _cTextual
040 _aARTS
_cARTS
_beng
041 _2eng
_aeng
082 _aO111,2:gJ, K4
100 _aHardison O B
_924205
245 0 _aChristian rite and Christian drama in the middle ages
_b Essays in the origin and early history of modern drama
260 _aSaltimore
_bJohns Hopkins press
_c1965
300 _axiii, 328p.
_ccm.
650 _aENGLISH LITERATURE
942 _hO111,2:gJ, K4
_cTEXL
_2CC
999 _c129804
_d129804